Statistics for [Geometry Dash] Extreme Demons by Letter - V

Click here to take the quiz!

General Stats

  • This quiz has been taken 40 times
    (12 since last reset)
  • The average score is 9 of 14

Answer Stats

PublisherAnswer% Correct
ZenThriXGDVendetTa
78%
ItzNishaVerdant Landscape
78%
cherryteamVoid Wave
78%
vaenvaenstep
67%
KrampuXVisible Ray
67%
skyzlVivacious
67%
Renn241Vociferous
67%
Metalface221Volume
67%
DoramiViolently X
56%
JustXSoosVoided
56%
AAAAAlexVoltaic
56%
TeamUprisingVirtual Collapse
44%
varseVIRTUE
44%
fCrouleyVignette
33%

Score Distribution

Percentile by Number Answered

Percent of People with Each Score

Your Score History

You have not taken this quiz since the last reset